EPL Decoder - Statistics

General Stats
  • This quiz has been taken 263 times
  • The average score is 10 of 21
Answer Stats
Hint Answer % Correct
Team from white hart lane Tottenham
95%
King '____' Dalglish Kenny
89%
Ashley, Joe, Carlton, Andy.... Cole
76%
The Cherries on the south coast Bournemouth
75%
United purchased Rooney & Fellaini from Everton
73%
Club Arsenal signed Bergkamp from Ajax
64%
Club whose logo resembles a sheep, played at pride park, came last in 2007/08 Derby
64%
Russian striker who famously scored 4 goals for the gunners at Anfield Arshavin
62%
Kicked the penalty to win the blues the champions league final in the same year Drogba
58%
Frenchmen who played for Arsenal, Man City, Liverpol, Bolton, Chelsea & West Brom Anelka
50%
Sponsored Man City when they won there first title Etihad
49%
Nickname for the team from Upton Park Hammers
48%
The EPL's most famous commentator (first and last name) Martin Tyler
37%
Club Liverpool signed Charlie Adam from Blackpool
33%
United star who left to join Celtic in 2004/05 (surname) Keane
33%
Argentinian who played for Chelsea & United (surname) Veron
32%
Premier league team coached by Mick McArdle in 2011/12 season Wolves
14%
Charlton Wigan & Oldham team names Atheltic
5%
Coached Blackburn for a record low 21 games before being sacked (record at the time - surname) Ince
4%
The line he is famous for (Hint: Spell out the first letter of the above) TAKE A BOW DAVID BECKHAM
4%
Norweigan known as 'the smiling assassin' Olly Gunner
0%
No matching quizzes found
Score Distribution
Percent of People with Each Score
Percentile by Number Answered
Your Score History
You have not taken this quiz